00000000cam 2200000zi 4500
0019.963339
003CaOODSP
00520260605134636
006m     o  d f      
007cr |n|||||||||
008260605e199210##onc     ob   f000 0 eng d
020 |z066201256
040 |aCaOODSP|beng|erda|cCaOODSP
043 |an-cn---
0861 |aC2-206/1992E-PDF|zC2-206/1992E
24500|aInventing our future : |ban action plan for Canada's prosperity.
264 1|a[Ottawa] : |bSteering Group on Prosperity = Comité Directeur de la prospérité, |cOctober 1992.
300 |a1 online resource (75 pages)
336 |atext|btxt|2rdacontent
337 |acomputer|bc|2rdamedia
338 |aonline resource|bcr|2rdacarrier
500 |aIssued also in French under title: Innover pour l'avenir : Un plan d'action pour la propérité du Canada.
500 |aDigitized edition from print [produced by Innovation, Science and Economic Development Canada].
504 |aIncludes bibliographical references (pages 73-75).
650 0|aCustomer services|zCanada.
650 0|aTechnological innovations|zCanada.
650 0|aInstructional systems|zCanada.
650 0|aContinuing education|zCanada.
650 0|aAffirmative action programs|zCanada.
650 0|aEducation and state|zCanada.
651 0|aCanada|xEconomic policy.
651 0|aCanada|xCommercial policy.
7101 |aCanada. |bSteering Group on Prosperity, |eissuing body.
85640|qPDF|s2048 KB|uhttps://publications.gc.ca/collections/collection_2026/isde-ised/C2-206-1992-eng.pdf
986 |aPS 011E